Plucked String Instruments quiz (Part 1) - Statistics

General Stats
  • This quiz has been taken 17 times
  • The average score is 8 of 16
Answer Stats
Picture Answer % Correct
Acoustic Guitar
100%
Electric Guitar
88%
Banjo
81%
Electric Bass
81%
Sitar
75%
Ukulele
75%
Lute
69%
Mandolin
69%
Acoustic Bass
50%
Balalaika
44%
Pipa
31%
Oud
19%
Shamisen
19%
Cifteli
13%
Bandurria
6%
Saz / Bağlama
6%
No matching quizzes found
Score Distribution
Percent of People with Each Score
Percentile by Number Answered
Your Score History
You have not taken this quiz